[Event "AUTO-OPEN-4569"]
[Site "http://www.queenalice.com/game.php?id=1850177"]
[Date "2025.1.10"]
[Round "1"]
[White "Fischercat"]
[Black "gizmokaka"]
[Result "0-1"]
[WhiteElo "1770"]
[BlackElo "2711"]

1. e4 Nf6 2. d3 e5 3. Bg5 h6 4. Bxf6 Qxf6 5. Nc3 c6 6. Be2 Bc5 7. Nf3 a5 8. Na4
Ba7 9. O-O d6 10. h3 Na6 11. Qd2 Nc7 12. Rfd1 Ne6 13. c4 Nf4 14. Bf1 Nxh3+ 15.
gxh3 Qxf3 16. Bg2 Qh5 0-1

[Event "AUTO-OPEN-4572"]
[Site "http://www.queenalice.com/game.php?id=1850942"]
[Date "2025.1.24"]
[Round "1"]
[White "Fauquinelle"]
[Black "gizmokaka"]
[Result "0-1"]
[WhiteElo "1960"]
[BlackElo "2723"]

1. e4 e5 2. Nf3 Nc6 3. Bb5 Nf6 4. O-O Nxe4 5. d4 Nd6 6. Bxc6 dxc6 7. dxe5 Nf5 8.
Qxd8+ Kxd8 9. Nc3 Be7 10. Ng5 Ke8 11. Nce4 Nd4 12. c3 Ne2+ 13. Kh1 Bf5 14. Be3
h6 15. Rfe1 hxg5 16. Nxg5 Bxg5 17. Bxg5 Rh5 18. f4 Ng3+ 19. Kg1 Ne4 0-1

[Event "AUTO-OPEN-4572"]
[Site "http://www.queenalice.com/game.php?id=1850943"]
[Date "2025.1.24"]
[Round "1"]
[White "gizmokaka"]
[Black "Fauquinelle"]
[Result "1-0"]
[WhiteElo "2719"]
[BlackElo "1988"]

1. c4 e5 2. Nc3 Nf6 3. Nf3 e4 4. Ng5 Qe7 5. Qc2 d5 6. cxd5 Bf5 7. f3 Bg6 8.
Ngxe4 Nxe4 9. fxe4 c6 10. d3 cxd5 11. Nxd5 1-0

[Event "AUTO-OPEN-4572"]
[Site "http://www.queenalice.com/game.php?id=1850965"]
[Date "2025.1.24"]
[Round "1"]
[White "Jsc"]
[Black "gizmokaka"]
[Result "0-1"]
[WhiteElo "1978"]
[BlackElo "2722"]

1. e4 c5 2. c3 Nf6 3. e5 Nd5 4. d4 d6 5. f4 cxd4 6. cxd4 Nc6 7. Nc3 dxe5 8. fxe5
Bf5 9. a3 e6 10. Qd2 Qh4+ 11. Qf2 Qxd4 12. Nf3 Qxf2+ 13. Kxf2 Bc5+ 14. Kg3 Nxc3
15. bxc3 O-O 16. Bc4 Nxe5 17. Nxe5 Bd6 18. Kf4 Rac8 0-1

[Event "AUTO-OPEN-4572"]
[Site "http://www.queenalice.com/game.php?id=1850966"]
[Date "2025.1.24"]
[Round "1"]
[White "gizmokaka"]
[Black "Nino75"]
[Result "1-0"]
[WhiteElo "2721"]
[BlackElo "1965"]

1. Nf3 Nf6 2. c4 g6 3. Nc3 d5 4. cxd5 Nxd5 5. e4 Nf6 6. Bc4 Bg7 7. e5 Ng4 8. d4
Nc6 9. h3 Nxd4 10. hxg4 Nxf3+ 11. Qxf3 O-O 12. Be3 Bxe5 13. Rd1 Bd7 14. Bh6 Bg7
15. Bxg7 Kxg7 16. Qe3 e6 17. Qh6+ Kf6 18. Qh4+ Kg7 19. Qxh7+ Kf6 20. Qh4+ Kg7
21. g5 Rg8 22. Qh6# 1-0

[Event "AUTO-OPEN-4572"]
[Site "http://www.queenalice.com/game.php?id=1850967"]
[Date "2025.1.24"]
[Round "1"]
[White "Nino75"]
[Black "gizmokaka"]
[Result "0-1"]
[WhiteElo "1996"]
[BlackElo "2731"]

1. e4 c6 2. Nc3 d5 3. exd5 cxd5 4. d4 Nf6 5. Nf3 Bg4 6. h3 Bxf3 7. Qxf3 Nc6 8.
Bb5 e6 9. O-O Qb6 10. a3 Qxd4 11. Be3 Qh4 12. Rad1 Be7 13. Ne2 O-O 14. Qg3 Qxg3
15. Nxg3 a6 16. Ba4 b5 17. Bb3 Rfc8 18. c3 Na5 19. Bc2 Nc4 20. Bc1 a5 21. Ne2 b4
22. Bd3 bxa3 23. bxa3 Nxa3 24. Rd2 Nc4 25. Ra2 a4 26. Bf4 a3 27. Rfa1 Nb2 28.
Bb1 Na4 29. Bd2 h5 30. f3 Nd7 31. Bc2 Ne5 32. Bb3 Bc5+ 33. Kh2 Rcb8 34. Bc2 Nc4
35. Bf4 Rb2 36. Bc1 Rxa2 37. Rxa2 Be3 38. Bxa4 Rxa4 39. Bxe3 Nxe3 40. Kg3 h4+
41. Kf2 Nc4 42. Ra1 Ra6 43. Rb1 Rb6 44. Rxb6 Nxb6 45. Nc1 Nc4 0-1

[Event "AUTO-OPEN-4575"]
[Site "http://www.queenalice.com/game.php?id=1851916"]
[Date "2025.2.11"]
[Round "1"]
[White "harvir"]
[Black "gizmokaka"]
[Result "0-1"]
[WhiteElo "1455"]
[BlackElo "2743"]

1. d4 d5 2. Nf3 Nf6 3. e3 a6 4. c4 e6 5. c5 b6 6. b4 a5 7. Qa4+ Bd7 8. b5 bxc5
9. Bd2 c4 10. Ne5 Ne4 11. g3 Bd6 12. Nc6 Bxc6 13. bxc6 Qf6 14. f4 Bxf4 15. exf4
Qxd4 16. Qc2 Nxd2 17. Qd1 Qxa1 18. Nxd2 Qxd1+ 19. Kxd1 Nxc6 20. Bh3 Ke7 21. f5
Nd4 22. g4 Rhb8 23. Bg2 Rb2 0-1

[Event "AUTO-OPEN-4575"]
[Site "http://www.queenalice.com/game.php?id=1851917"]
[Date "2025.2.11"]
[Round "1"]
[White "gizmokaka"]
[Black "harvir"]
[Result "1-0"]
[WhiteElo "2746"]
[BlackElo "1445"]

1. d4 Nf6 2. Bf4 d5 3. e3 c5 4. Nf3 Nc6 5. Nbd2 e6 6. c3 Bd6 7. Bg3 O-O 8. Bd3
cxd4 9. exd4 Qc7 10. Bxd6 Qxd6 11. O-O h6 12. Re1 Ne8 13. Ne5 a6 14. Rc1 b5 15.
Nb3 Nxe5 16. dxe5 Qb6 17. Nd4 Qd8 18. Re3 f6 19. f4 fxe5 20. fxe5 Rf4 21. Rg3
Qh4 22. Qd2 Rg4 23. Rxg4 Qxg4 24. Rf1 b4 25. Qf2 Nc7 26. Qf8# 1-0

[Event "AUTO-OPEN-4575"]
[Site "http://www.queenalice.com/game.php?id=1851931"]
[Date "2025.2.11"]
[Round "1"]
[White "Fischercat"]
[Black "gizmokaka"]
[Result "0-1"]
[WhiteElo "1797"]
[BlackElo "2731"]

1. c4 e5 2. e4 Nf6 3. d3 Bc5 4. Be2 O-O 5. Bg5 h6 6. Bxf6 Qxf6 7. Bf3 d6 8. Nd2
Qh4 9. g3 Qf6 10. Nb3 Nc6 11. Nxc5 dxc5 12. Bg4 Bxg4 13. Qxg4 Rad8 14. Rd1 Nd4
0-1

[Event "AUTO-ELITE-2574"]
[Site "http://www.queenalice.com/game.php?id=1853587"]
[Date "2025.3.9"]
[Round "1"]
[White "gizmokaka"]
[Black "trompmaster"]
[Result "1-0"]
[WhiteElo "2757"]
[BlackElo "2463"]

1. e4 d6 2. d4 Nf6 3. f3 e5 4. d5 Be7 5. Be3 c6 6. c4 b5 7. Ne2 bxc4 8. Nec3 Bb7
9. Bxc4 Nbd7 10. dxc6 Bxc6 11. Bb3 Nb6 12. Qd3 O-O 13. Nd2 d5 14. Bxb6 axb6 15.
Nxd5 Bc5 16. O-O-O Bxd5 17. exd5 Bd4 18. f4 Nxd5 19. fxe5 Nb4 20. Qe4 Qc7+ 21.
Kb1 Qxe5 22. Qxe5 Bxe5 23. Nc4 Bc7 24. Nd6 h6 25. Nxf7 Kh7 26. g4 Na6 27. g5 Nc5
28. Bc2+ Kg8 29. g6 Rfe8 30. h4 Re2 31. Rhf1 Rf8 32. b4 Ne6 33. Bb3 Re3 34. Rfe1
Rxb3+ 35. axb3 Nf4 36. Re7 Nxg6 37. Nxh6+ gxh6 38. Rxc7 Nxh4 39. b5 Rf7 40. Rc6
Rb7 41. Rxh6 Nf3 42. Rf6 Ne5 43. Rg1+ Kh7 44. Rf5 Ng6 45. Rh5+ 1-0

[Event "AUTO-ELITE-2574"]
[Site "http://www.queenalice.com/game.php?id=1853594"]
[Date "2025.3.9"]
[Round "1"]
[White "gizmokaka"]
[Black "arvo1938"]
[Result "1-0"]
[WhiteElo "2745"]
[BlackElo "2259"]

1. d4 Nf6 2. Bf4 c5 3. d5 Qb6 4. Nc3 e6 5. e4 Nxe4 6. Nxe4 Qb4+ 7. Qd2 Qxe4+ 8.
Ne2 d6 9. dxe6 Qxe6 10. b3 Nc6 11. O-O-O Be7 12. Nc3 O-O 13. Kb1 b6 14. h4 Bb7
15. Nd5 Nd4 16. Nc7 Qg6 17. Nxa8 Bxa8 18. Bg5 Bxg5 19. hxg5 f5 20. c3 Nc6 21.
Bc4+ Kh8 22. Qxd6 Qxd6 23. Rxd6 Ne5 24. g6 h6 25. f3 Nxc4 26. bxc4 Re8 27. Rhd1
1-0

[Event "AUTO-ELITE-2574"]
[Site "http://www.queenalice.com/game.php?id=1853595"]
[Date "2025.3.9"]
[Round "1"]
[White "arvo1938"]
[Black "gizmokaka"]
[Result "0-1"]
[WhiteElo "2260"]
[BlackElo "2744"]

1. d4 d5 2. c4 dxc4 3. Nc3 a6 4. e3 b5 5. a4 b4 6. Bxc4 e6 7. Nce2 Bb7 8. Nf3
Nd7 9. O-O Ngf6 10. Ng3 c5 11. b3 Nb6 12. Qe2 Nxc4 13. Qxc4 cxd4 14. Nxd4 h5 15.
Bb2 h4 16. Nge2 Rc8 17. Qd3 e5 18. Rac1 Rxc1 19. Rxc1 exd4 20. Nxd4 Rh5 21. Rd1
Ne4 22. Qc2 Qd7 23. Nf3 Qc8 24. Qxc8+ Bxc8 25. h3 Nc3 26. Bxc3 bxc3 0-1